Iniciales de los segundos nombres de los presidentes - Porrazos - Estadísticas

Estadísticas generales
  • Esta prueba ha sido intentada 7 veces
  • La puntuación promedio es 8 de 16
Estadísticas de respuestas
First Initial Middle Last % Correcto
John F Fitzgerald Kennedy
83%
Lyndon B Baines Johnson
67%
Franklin D Delano Roosevelt
67%
Dwight D David Eisenhower
67%
James K Knox Polk
67%
Chester A Alan Arthur
50%
Rutherford B Birchard Hayes
50%
William H Henry Harrison
50%
William H Howard Taft
50%
Barack H Hussein Obama
50%
Donald J John Trump
50%
Jimmy E Earl Carter
33%
Warren G Gamaliel Harding
33%
John Q Quincy Adams
33%
Richard M Milhous Nixon
17%
Gerald R Rudolph Ford
17%
No se encontraron pruebas coincidentes
Distribución de puntuación
Porcentaje de gente con cada puntuación
Porcentaje por número respondido
Historial de tus puntuaciones
No has intentado esta prueba.